00893nam a22002177a 4500999001700000003000900017008004100026040007100067082002400138100001900162245009800181260003300279300002800312505013600340650002100476650002200497650001600519942001600535945002000551952010400571 c15673d15673AR-CdUCM190328b ||||| |||| 00| 0 spa d aMUNICIPALIDAD PROVINCIAL DEL CUSCOcBIBLIOTECA MUNICIPAL DEL CUSCO a848.9 /bR74 / 1929 aRolland, Roman aEl evangelio universal :bEnsayo acerca de la mística y la acción de la india viviente /  aBuenos Aires :bKier,c1929. a246 páginas ;c20 cm. aContenido : Maya y la marcha hacia la libertad -- Los caminos principales. Los cuatro yogas -- La ciencia religión universal ...  aLiteratura 9416 aEspañola924066 aSiglo XX98 2ddccLIBROS arahd29/04/2019 002ddc4070aSCAbSCAcCARTd2019-04-29g20.00o848.9 / R74 / 1929pSCA0003613r2019-04-29yLIBROS